Statistics for Atlanta Hawks Top 25 Players of All Time

Click here to take the quiz!

General Stats

  • This quiz has been taken 70 times
  • The average score is 13 of 25

Answer Stats

PositionPlayer% Correct
SFDominique Wilkins
92%
PGLenny Wilkens
91%
CAl Horford
78%
PFBob Pettit
78%
CDikembe Mutombo
78%
PGJeff Teague
69%
PFPaul Millsap
69%
SGKyle Korver
66%
SFJoe Johnson
65%
PFJosh Smith
65%
SGSteve Smith
62%
PGDoc Rivers
57%
PFKevin Willis
48%
SGPete Maravich
48%
SGLou Hudson
46%
PGSpud Webb
46%
PGMookie Blaylock
43%
SGCliff Hagan
35%
PFMoses Malone
35%
CTree Rollins
28%
PGJason Terry
26%
PFWalt Bellamy
22%
PFChristian Laettner
18%
PGJamal Crawford
15%
PFDan Roundfield
5%

Score Distribution

Percentile by Number Answered

Percent of People with Each Score

Your Score History

You have not taken this quiz